000 00777nam a22002297a 4500
005 20231213145722.0
008 231213b ||||| |||| 00| 0 eng d
020 _a 9788478557547
020 _a8478557547
040 _aCO-BoUCM
_cDavid Moreno
_dDavid Moreno
041 _aspa
100 1 _aMartín Mateo, Ramón
_9179636
245 1 0 _aManual de derecho ambiental /
_cRamón. Martín Mateo
250 _aPrimera edición
260 _aMadrid, ES
_bTrivium
_c1995
300 _a309 Paginas
650 1 7 _aDesarrollo sostenible
_xLegislación
_9179637
650 1 7 _aDerecho del medio ambiente
_xLegislación
_9179638
650 1 7 _aPolítica ambiental
_xLegislación
_9106379
942 _2DEWEY
_a8
_cLIBRO
_e1
_h344.046
_mM386
_n0
999 _c323694
_d323694